000 00355nam a2200133Ia 4500
005 20251222144636.0
008 251222s9999||||xx |||||||||||||| ||spa||
020 _a84-7908-098-1
082 _a860/A93
100 _aAyala, María de los Ángeles
245 0 _aLas Colecciones Costumbristas (1870-1885)
264 _bUniversidad de Alicante
942 _cLIB
999 _c16488
_d16488